| 000 | 00777nam a2200181 a 4500 | ||
|---|---|---|---|
| 008 | 120416s1978 ||||||||||||||||| || u | ||
| 050 | _aHF 5686.C8 Dav | ||
| 100 | _aDavidson, Sidney | ||
| 245 | 1 | 0 | _aHandbook of cost accounting |
| 260 |
_aNew York _bMcGraw-Hill _c1978 |
||
| 300 | _aVarying pagination : ill. | ||
| 350 | _a0.00 | ||
| 650 | _aCOST ACCOUNTING--CONGRESSES | ||
| 650 | 0 | _aACCOUNTING--HANDBOOKS, MANUALS, ETC | |
| 700 | _aWeil, Roman L | ||
| 995 |
_aANNEX COLLECTION (Main Library) _D0.00 _e705591 _FCBU-MAIN LIBRARY (Kitwe) _H2 _I0.00 _jHF 5686.C8 Dav _M2 _UAVAILABLE _y006535 _ZAnnex Low-Usage Collection |
||
| 995 |
_aANNEX COLLECTION (Main Library) _D0.00 _e705592 _FCBU-MAIN LIBRARY (Kitwe) _H1 _I0.00 _jHF 5686.C8 Dav _M1 _UAVAILABLE _y006534 _ZAnnex Low-Usage Collection |
||
| 999 |
_c76090 _d76090 |
||